Focus on Christianity 3: four Working For Humanity. (Record no. 94)

MARC details
000 -LEADER
fixed length control field 00361nam a22001217a 4500
005 - DATE AND TIME OF LATEST TRANSACTION
control field 20200811151606.0
008 - FIXED-LENGTH DATA ELEMENTS--GENERAL INFORMATION
fixed length control field 200807b ||||| |||| 00| 0 eng d
020 ## - INTERNATIONAL STANDARD BOOK NUMBER
International Standard Book Number 0713115787
040 ## - CATALOGING SOURCE
Transcribing agency CML
245 ## - TITLE STATEMENT
Title Focus on Christianity 3: four Working For Humanity.
Statement of responsibility, etc. Birnie, L.H
260 ## - PUBLICATION, DISTRIBUTION, ETC.
Place of publication, distribution, etc. London
Name of publisher, distributor, etc. Edward Arnold
Date of publication, distribution, etc. 1975
942 ## - ADDED ENTRY ELEMENTS (KOHA)
Source of classification or shelving scheme Dewey Decimal Classification
Koha item type Books
Edition 1
Classification part 261
Call number suffix BIR
Holdings
Withdrawn status Lost status Source of classification or shelving scheme Damaged status Not for loan Collection code Home library Current library Shelving location Date acquired Total Checkouts Full call number Date last seen Copy number Price effective from Koha item type
    Dewey Decimal Classification     Religion Chalimbana Main Library Chalimbana Main Library Religion 08/07/2020   261.1 BIR 08/07/2020 1 08/07/2020 Books

Powered by Koha